Autoroute A11 - Statistiques

Statistiques générales
  • Ce quiz a été pris 33 fois
  • Le résultat moyen est 31 sur 92
Statistiques - réponses
Indice Réponse % Correct
Sortie 7 Le Mans nord
86%
Sortie 8 Le Mans ouest
86%
Sortie 9 Le Mans sud
86%
Pont Pont sur le Loir
86%
Sortie 24 Nantes est
82%
Pont Pont sur la Sarthe
82%
Pont Pont sur la Sarthe
82%
Pont Viaduc de la Maine
82%
Sortie 15 Angers Centre
77%
Sortie 16 Angers nord
77%
Sortie 17 Angers ouest
77%
Frontière départementale Eure-et-Loir
77%
Frontière départementale Eure-et-Loir
77%
Frontière départementale Maine-et-Loire
77%
Frontière départementale Maine-et-Loire
77%
Frontière régionale Pays-de-la-Loire
77%
Frontière départementale Sarthe
77%
Frontière départementale Sarthe
77%
Frontière départementale Yvelines
77%
Sortie 2 Chartres est
73%
Frontière départementale Loire-Atlantique
73%
Gare de péage Ancenis
68%
Sortie 20 Ancenis
68%
Frontière régionale Centre-Val de Loire
68%
Frontière régionale Centre-Val de Loire
68%
Frontière régionale Île-de-France
64%
Échangeur A10
59%
Échangeur A81
50%
Échangeur A85
50%
Sortie 5 La Ferté-Bernard
50%
Aire de service La Ferté-Bernard
50%
Échangeur A28 nord
45%
Échangeur A28 sud
45%
Sortie 1 Ablis
45%
Sortie 22 Carquefou
45%
Sortie 3.1 Illiers-Combray
45%
Échangeur A87
41%
Pont Pont sur l'Erdre
41%
Sortie 6 Connerré
36%
Sortie 11 Durtal
36%
Gare de péage Corzé
27%
Sortie 25 La Chapelle-sur-Erdre
27%
Échangeur A811
23%
Sortie Saint-Sylvain-d'Anjou
23%
Aire de repos Le Cellier
18%
Échangeur N844
18%
Sortie 19 Saint-Germain-des-Prés
18%
Échangeur A844
14%
Aire de service Chartres - Gasville
14%
Aire de service Les Manoirs du Perche
14%
Sortie 12 Seiches-sur-le-Loir
14%
Sortie 3 Thivars
14%
Sortie 14 Tiercé
14%
Aire de service Brou - Dampierre
9%
Aire de service Chartres - Bois Paris
9%
Aire de repos La Leu
9%
Aire de repos La Poële Percée
9%
Aire de repos Les Chaudonnes
9%
Aire de service Les Portes d'Angers
9%
Sortie 4 Luigny
9%
Aire de repos Montmirail
9%
Sortie 13 Pellouailles-les-Vignes
9%
Sortie 18 Saint-Jean-de-Linières
9%
Aire de service Varades - Pays d'Ancenis
9%
Aire de service Varades - Pays de la Loire
9%
Aire de service Villaines-la-Gonais
9%
Aire de repos Bauné
5%
Aire de repos Gourville
5%
Sortie 23 La Beaujoire
5%
Aire de repos La Chapelle-Saint-Laud
5%
Aire de repos La Charonnerie
5%
Aire de repos La Martinière
5%
Aire de repos La Petite Jardinière
5%
Aire de repos Le Launay
5%
Aire de repos Le Réveillon
5%
Aire de repos Les Charmes
5%
Aire de repos Les Dix Sept Setiers
5%
Aire de service Parcé-sur-Sarthe
5%
Aire de repos Pirmil
5%
Aire de repos Pruillé-le-Chétif
5%
Aire de repos Pruillé-le-Chétif
5%
Aire de repos Théligny
5%
Tunnel Tranchée couverte d'Angers-Avrillé
5%
Aire de repos Ver-lès-Chartres-Les Moineaux
5%
Aire de repos Ver-lès-Chartres-Les Souchets
5%
Aire de repos La Charpenterie
0%
Aire de service La Sarthe - Sargé-lès-le-Mans
0%
Aire de repos Le Haras de Maulepaire
0%
Aire de repos Les Montillets
0%
Sortie Parc des Expositions
0%
Aire de repos Parnouette
0%
Sortie 10 Sablé - La Flèche
0%
Aucun quiz correspondant
Distribution des résultats
% des personnes avec chaque résultat
Percentile par nombre de réponses
Votre historique - résultats
Vous n’avez pas pris ce quiz